| 000 | 00467nam a2200169Ia 4500 | ||
|---|---|---|---|
| 999 |
_c28921 _d28921 |
||
| 003 | OSt | ||
| 005 | 20201223094232.0 | ||
| 008 | 190216s9999||||xx |||||||||||||| ||und|| | ||
| 040 | _coclc | ||
| 082 |
_a894.8128 _bRAJ/S |
||
| 100 |
_aRaju, K N _96502 |
||
| 245 | 0 |
_aSreeraman Chirikkunnilla / _cK N Raju |
|
| 260 |
_bThara Books, _aPalakkad: _c2002. |
||
| 300 | _a51p | ||
| 650 | _aPadanam | ||
| 942 |
_cBK _2ddc _h894.8128 _iRAJ/S _k894.8128 _mRAJ/S |
||